000 00352nam a2200133Ia 4500
008 240624s9999 xx 000 0 und d
041 _aeng
082 _a658.4034 KUN
100 _aKUNC MARTIN
245 _aBEHAVIORAL OPERATIONAL RESEARCH THEORY M
260 _c2016
_aLondon
_bPalgrave Macmillan
300 _axxx, 395 p.; 23 cm.
365 _cERU
_b31
999 _c30061
_d30061